| 000 | 00550cam a2200229 4500 | ||
|---|---|---|---|
| 001 | X128175 | ||
| 008 | 041202n2004 000 0 eng u | ||
| 035 | _a(Sirsi) u128175 | ||
| 245 | _aFocus: South West | ||
| 260 | _c2004 | ||
| 490 |
_aEstates Gazette _v 30 October 2004, (33) (LOAN) |
||
| 590 | _aABS | ||
| 590 | _aABS | ||
| 650 | _aSOUTH WEST | ||
| 650 | _aINDUSTRIAL MARKET | ||
| 650 | _aOFFICE MARKET | ||
| 650 | _aEDEN PROJECT | ||
| 650 | _aPLYMOUTH | ||
| 650 | _aBRISTOL | ||
| 690 | _aCOMMERCIAL PROPERTY-MARKET | ||
| 942 | _n0 | ||
| 999 |
_c118391 _d118391 |
||